Welcome to CU Library Online Public Access Catalogue (OPAC)

Principles of microeconomics (Record no. 5204)

MARC details
000 -LEADER
fixed length control field 00402nam a22001577a 4500
005 - DATE AND TIME OF LATEST TRANSACTION
control field 20250326115020.0
008 - FIXED-LENGTH DATA ELEMENTS--GENERAL INFORMATION
fixed length control field 250326b |||||||| |||| 00| 0 eng d
020 ## - INTERNATIONAL STANDARD BOOK NUMBER
International Standard Book Number 9780131994850
050 ## - LIBRARY OF CONGRESS CALL NUMBER
Classification number HB 172.C 36 CAS
Item number 1
100 ## - MAIN ENTRY--PERSONAL NAME
Personal name CASE, E.Karl
245 ## - TITLE STATEMENT
Title Principles of microeconomics
260 ## - PUBLICATION, DISTRIBUTION, ETC.
Place of publication, distribution, etc. Upper saddle
Name of publisher, distributor, etc. Pearson
Date of publication, distribution, etc. 2007
300 ## - PHYSICAL DESCRIPTION
Extent xxxii,458p
700 ## - ADDED ENTRY--PERSONAL NAME
Personal name FAIR, C Ray
942 ## - ADDED ENTRY ELEMENTS (KOHA)
Source of classification or shelving scheme Library of Congress Classification
Koha item type Books
Suppress in OPAC No
999 ## -
-- 5204
-- 5204
Holdings
Withdrawn status Lost status Source of classification or shelving scheme Damaged status Not for loan Collection Home library Current library Shelving location Date acquired Total checkouts Full call number Barcode Date last seen Copy number Price effective from Koha item type
    Library of Congress Classification     Non-fiction Graduate Library (Christ Temple) Graduate Library (Christ Temple) General stacks 03/26/2025   HB 172.C 36 GSCT00000817 03/26/2025 1 03/26/2025 Books
    Library of Congress Classification     Non-fiction Graduate Library (Christ Temple) Graduate Library (Christ Temple) General stacks 03/26/2025   HB 172.C 36 GSCT00000818 03/26/2025 2 03/26/2025 Books
    Library of Congress Classification     Non-fiction Graduate Library (Christ Temple) Graduate Library (Christ Temple) General stacks 03/26/2025   HB 172.C 36 GSCT00000819 03/26/2025 3 03/26/2025 Books
    Library of Congress Classification     Non-fiction Graduate Library (Christ Temple) Graduate Library (Christ Temple) General stacks 03/26/2025   HB 172.C 36 GSCT00000820 03/26/2025 4 03/26/2025 Books
    Library of Congress Classification     Non-fiction Graduate Library (Christ Temple) Graduate Library (Christ Temple) General stacks 03/26/2025   HB 172.C 36 GSCT00000821 03/26/2025 5 03/26/2025 Books
    Library of Congress Classification     Non-fiction Graduate Library (Christ Temple) Graduate Library (Christ Temple) General stacks 03/26/2025   HB 172.C 36 GSCT00000822 03/26/2025 6 03/26/2025 Books
    Library of Congress Classification     Non-fiction Main Library (Kumasi) Main Library (Kumasi) General stacks 04/27/2026   HB172.C36 CAS bssk00000234 04/28/2026 7 04/27/2026 Books
    Library of Congress Classification     Non-fiction Main Library (Kumasi) Main Library (Kumasi) General stacks 04/27/2026   HB172.C36 CAS bssk00000235 04/28/2026 8 04/27/2026 Books
    Library of Congress Classification     Non-fiction Main Library (Kumasi) Main Library (Kumasi) General stacks 04/27/2026   HB172.C36 CAS bssk00000236 04/28/2026 9 04/27/2026 Books
© 2023-2024 Copyright: Central University Libraries. All Rights Reserved | Created by: Mahone Tech Office